LEADER 00901nam0-22003131i-450- 001 990007512060403321 005 20071205112853.0 035 $a000751206 035 $aFED01000751206 035 $a(Aleph)000751206FED01 035 $a000751206 100 $a20030814d1984----km-y0itay50------ba 101 0 $aita 102 $aIT 105 $aa-------001yy 200 1 $aGuida di Roma e suoi dintorni$eossia Itinerario del Nibby$fa cura di Filippo Porena 205 $a3. rist. dell'11. ed. 210 $aTorino$cLoescher$d1894 215 $aXVI, 491 p.$cill.$d22 cm 610 0 $aRoma$aGuide 702 1$aNibby,$bAntonio$f<1792-1839> 702 1$aPorena,$bFilippo$f<1839-1910 > 801 0$aIT$bUNINA$gRICA$2UNIMARC 901 $aBK 912 $a990007512060403321 952 $aE-01-010$bIst.496$fILFGE 959 $aILFGE 996 $aGuida di Roma e suoi dintorni$9683425 997 $aUNINA LEADER 00895nam a2200277 i 4500 001 991002057209707536 005 20020503160653.0 008 950308s|||| it ||| | ita 020 $a8842044539 035 $ab10310654-39ule_inst 035 $aEXGIL96813$9ExL 040 $aDip.to Filol. Ling. e Lett.$bita 082 0 $a413 100 1 $aDe Mauro, Tullio$0132346 245 10$aCapire le parole /$cTullio De Mauro 260 $aRoma ; Bari :$bLaterza, 1994 300 $a173 p. ; 21 cm : 490 0 $aSagettari Laterza ;$v78 650 4$aLessico 650 4$aSemantica 907 $a.b10310654$b17-02-17$c27-06-02 912 $a991002057209707536 945 $aLE008 FL.M. GL. D 222$g1$i2008000489786$lle008$o-$pE0.00$q-$rl$s- $t0$u7$v1$w7$x0$y.i10366465$z27-06-02 996 $aCapire le parole$9201524 997 $aUNISALENTO 998 $ale008$b01-01-95$cm$da $e-$fita$git $h0$i1